书目信息 |
| 题名: |
构建和谐社区
|
|
| 作者: | 王昌生 , 刘萍 , 宇宙锋 编 | |
| 分册: | ||
| 出版信息: | 合肥 安徽人民出版社 2006 |
|
| 页数: | 363页 | |
| 开本: | 21cm | |
| 丛书名: | ||
| 单 册: | ||
| 中图分类: | D648.3 | |
| 科图分类: | ||
| 主题词: | 社区--精神文明建设--研究--中国 , 社区 , 精神文明建设 | |
| 电子资源: | ||
| ISBN: | 7-212-02768-5 | |
| 000 | 00939nam0 2200277 450 | |
| 001 | 012007352751 | |
| 005 | 20070515144206.76 | |
| 010 | @a7-212-02768-5@dCNY32.00 | |
| 100 | @a20070427d2006 km y0chiy0120 ea | |
| 101 | 0 | @achi |
| 102 | @aCN@b340000 | |
| 105 | @aa z 000yy | |
| 106 | @ar | |
| 200 | 1 | @a构建和谐社区@Agou jian he xie she qu@e理论与实践@f王昌生,刘萍,宇宙锋编@Fwang chang sheng,liu ping,yu zhou feng bian |
| 210 | @a合肥@c安徽人民出版社@d2006 | |
| 215 | @a363页@c照片@d21cm | |
| 330 | @a本书图文并茂,理论与实践相结合,更突出实践性。主要内容包括:社区理论概述、社区理论的内涵外延、构建安全社区等。 | |
| 606 | 0 | @a社区@x精神文明建设@x研究@y中国 |
| 606 | 0 | @a社区 |
| 606 | 0 | @a精神文明建设 |
| 690 | @aD648.3@v4 | |
| 701 | 0 | @a王昌生@Awang chang sheng@f(1948~)@4编 |
| 701 | 0 | @a刘萍@Aliu ping@c(女,@f1972~)@4编 |
| 701 | 0 | @a宇宙锋@Ayu zhou feng@4编 |
| 801 | 0 | @aCN@bRULIN@c20070515 |
| 905 | @dD648.3@e115@s5 | |
| 构建和谐社区:理论与实践/王昌生,刘萍,宇宙锋编.-合肥:安徽人民出版社,2006 |
| 363页:照片;21cm |
| ISBN 7-212-02768-5:CNY32.00 |
| 本书图文并茂,理论与实践相结合,更突出实践性。主要内容包括:社区理论概述、社区理论的内涵外延、构建安全社区等。 |
| ● |
| 相关链接 |
|
|
|
|
正题名:构建和谐社区
索取号:D648.3/115
 
预约/预借
| 序号 | 登录号 | 条形码 | 馆藏地/架位号 | 状态 | 备注 |
| 1 | 0571269 | 205712692 | 第一样本阅览室/ [索取号:D648.3/115] | 在馆 | |
| 2 | 0571270 | 205712709 | 第一借阅区/ [索取号:D648.3/115] | 在馆 | |
| 3 | 0571271 | 205712718 | 第一借阅区/ [索取号:D648.3/115] | 在馆 | |
| 4 | 0571272 | 205712727 | 第一借阅区/ [索取号:D648.3/115] | 在馆 | |
| 5 | 0571273 | 205712736 | 第一借阅区/ [索取号:D648.3/115] | 在馆 |